Sindicalismo y peronismo; los comienzos de un vínculo perdurable /

Guardado en:
Autor Principal: Campo, Hugo Del
Formato: Libro
Publicado: Buenos Aires : Clacso, 1983
Materias:
Etiquetas: Agregar Etiqueta
Sin Etiquetas, Sea el primero en etiquetar este registro!
LEADER 00576nam a22001815a 4500
001 CEM.cems001377
005 20060214000000.0
008 130507s1983##################000#0#####d
003 CEMS
082 0 4 |a 329.982 
100 1 |a Campo, Hugo Del 
245 1 0 |a Sindicalismo y peronismo; los comienzos de un vínculo perdurable /  |c Hugo Del Campo 
260 |a Buenos Aires :  |b Clacso,  |c 1983 
300 |a 273 p. 
653 |a Historia argentina-moviento ob 
653 |a Movimiento obrero y peronismo 
653 |a Sindicalismo 
859 |a CEMS  |b BIB. CEMS - 11 de abril  |h 329.982  |i C157  |p 13409.85  |t Ej.1